Music Quiz

Random Music or Rock Quiz

Classic Jewish Rock Stars Quiz Stats

 Plays Quiz not verified by Sporcle

Challenge
Share
Tweet
Embed
Score 0/20 Timer 10:00
0 Plays Today
OY! VEY! % Correct
The Answer is Blowin' in the WindBob Dylan
78.2%
How many of the ladies would Kiss a face like thatGene Simmons
66.2%
Where have you gone Hank Greenberg, didn't workPaul Simon
57.1%
Ex-Husband played with Fire and RainCarly Simon
55.8%
This Boychik took a walk on the wild sideLou Reed
51.2%
Even the Werewolves of London don't eat pork Warren Zevon
47%
Com'n Sadie, don't let me wait. You Yiddish girls start much too late.Billy Joel
44%
Alice's Restaurant closed for the SabbathArlo Guthrie
42.9%
Met the partner in the duet in a Grammar school Performance of Alice in WonderlandArt Garfunkel
37.8%
Hallelujah, Brothers Leonard Cohen
34.2%
OY! VEY! % Correct
On Monday, Monday she was California DreaminMama Cass Elliot
30%
The Jewish ElvisNeil Diamond
27.3%
He carried the weight up on Cripple creek.Robbie Robertson
26.4%
Walked The Beatles down Penny Lane to Strawberry FieldsBrian Epstein
26.1%
A good girl from Brooklyn. Went to H.S. with one on this list, and college with anotherCarole King
22.4%
I wonder how Calendar Girl would sound using the Hebrew calendarNeil Sedaka
22.2%
Was once a studio Musician for Jay and The Americans, before he went to Aja.Donald Fagen
16.7%
His father was a famous comedianGary Lewis
11.4%
The original lead of Blood Sweat and TearsAl Kooper
8.9%
Is Hot Tuna KosherJorma Kaukonen
6.8%

You're not logged in!

Compare scores with friends on all Sporcle quizzes.
OR
Log In

You Might Also Like...

Show Comments

Extras

Top Quizzes Today


Score Distribution

Your Account Isn't Verified!

In order to create a playlist on Sporcle, you need to verify the email address you used during registration. Go to your Sporcle Settings to finish the process.

Report this User

Report this user for behavior that violates our Community Guidelines.

Details: